La nouvelle Russie (notice n° 2198752)
[ vue normale ]
| 000 -LEADER | |
|---|---|
| fixed length control field | 01120cam a2200133 4500500 |
| 005 - DATE AND TIME OF LATEST TRANSACTION | |
| control field | 20260405085604.0 |
| 041 ## - LANGUAGE CODE | |
| Language code of text/sound track or separate title | fre |
| 042 ## - AUTHENTICATION CODE | |
| Authentication code | dc |
| 100 10 - MAIN ENTRY--PERSONAL NAME | |
| Personal name | Radvanyi, Jean |
| Relator term | author |
| 245 00 - TITLE STATEMENT | |
| Title | La nouvelle Russie |
| 260 ## - PUBLICATION, DISTRIBUTION, ETC. | |
| Name of publisher, distributor, etc. | Armand Colin,<br/> |
| Date of publication, distribution, etc. | 2010.<br/> |
| 520 ## - SUMMARY, ETC. | |
| Summary, etc. | L’ouvrage de référence en géographie pour la Russie, selon un structure classique: géographie générale&#8239;; gégraphie régionale. L’auteur traite en profondeur d’une part la géographie physique, les populations, la transition socio-politique depuis 15 ans&#8239;; les secteurs primaire, secondaire et tertiaire, les transports, les échanges extérieurs. Il traite d’autre part les 7 régions majeures (Moscou et les régions centrales&#8239;; la fenêtre maritime entre Baltique et mer Blanche&#8239;; les Terres noires et le Caucase&#8239;; la double région charnière Volga/Oural&#8239;; la Russie d’Asie&#8239;; la Sibériade&#8239;; l’Extrême-Orient et les régions du Pacifique). |
| 856 41 - ELECTRONIC LOCATION AND ACCESS | |
| Uniform Resource Identifier | <a href="https://shs.cairn.info/la-nouvelle-russie--9782200254650?lang=fr&redirect-ssocas=7080">https://shs.cairn.info/la-nouvelle-russie--9782200254650?lang=fr&redirect-ssocas=7080</a> |
Pas d'exemplaire disponible.




Réseaux sociaux